000 00610nam a2200229Ia 4500
003 OSt
005 20220928102139.0
006 a|||||r|||| 00| 0
007 ta
008 220927b |||||||| |||| 00| 0 eng d
024 _a9351
037 _cTextual
040 _aSDCL
_cSDCL
_beng
041 _2eng
_aeng
082 _aV2y7M91:g, P6
100 _aGangania Ish Kumar
_9396803
245 0 _aAmbedkarvadi alochna ke pratimaan.
260 _aNew Delhi
_bKitab Ghar
_c2006
300 _a144p
_ccm.
942 _hV2y7M91:g, P6
_cTEXL
_2CC
999 _c712566
_d712566